| 000 | 01392nam0a2200373 4500 | ||
|---|---|---|---|
| 001 | RU\NLR\BIBL_A\011172209 | ||
| 005 | 201608300505 | ||
| 010 | _a978-5-00083-266-0 | ||
| 021 |
_aRU _b2016-49465 _93174 |
||
| 035 | _a(NLR Aleph) 011172209 | ||
| 035 | _a(NILC)RuMoRGB-008523638 | ||
| 090 |
_a11771493 _c11771493 |
||
| 100 | _a20160705d2016 u y0rusy50 ca | ||
| 101 | 1 |
_arus _cjpn |
|
| 102 | _aRU | ||
| 105 | _a |||z|||000 | ||
| 200 | 1 |
_aКогда папа приходит поздно… _e[для младшего школьного возраста] _fНобуко Итикава _gпер. с яп. Елены Байбиковой _gил. Косиро Хаты |
|
| 205 | _a[2-е изд., стер.] | ||
| 210 |
_aМосква _cКомпасГид _d2016 |
||
| 215 |
_a110, [2] с. _cил., цв. ил. _d21 |
||
| 333 | _a0+ | ||
| 675 | _a821.521.0-93 | ||
| 686 | 0 | _aШ9(5Я)60-4 | |
| 700 | 1 |
_aИтикава _bН. _f1960- _gНобуко _3RU\NLR\AUTH\770149691 |
|
| 702 | 1 |
_aБайбикова _bЕ. М. _f1977- _gЕлена Михайловна _3RU\NLR\AUTH\7735779 |
|
| 702 | 1 |
_aХата _bК. _f1963- _gКосиро _3RU\NLR\AUTH\770149693 _4040 |
|
| 801 | 0 |
_aRU _bРГБ _c20160621 _gRCR |
|
| 942 | _cBOOK | ||
| 980 | _aNBR | ||
| 980 | _aNB | ||